000
00330nam a2200133Ia 4500
008
260604s9999 xx 000 0 und d
020
_a
9781529772982
082
_a
302 MAC
100
_a
MACHIN
_9
35204
245
0
_a
HOW TO DO CRITICAL DISCOURSE ANALYSIS 2/ED
260
_b
SAGE
500
_a
Communication, Discourse
942
_c
BK
999
_c
7966
_d
7966